000
00226 a2200097 4500
001
45920
100
_a
London K
245
_a
The soviet union in world politics
260
_a
London
_b
Westview press
_c
090
_c
29031
_d
29031
942
_a
NUST-CAE
_c
M
_c
21149
999
_c
280993
_d
280993